Authoritarian Countries Supported by Russia - Statistics

General Stats
  • This quiz has been taken 221 times
  • The average score is 17 of 25
Answer Stats
Hint Answer % Correct
7 China
93%
15 North Korea
93%
11 Iran
89%
4 Belarus
88%
18 Syria
88%
22 Uzbekistan
85%
8 Cuba
83%
20 Turkmenistan
83%
12 Kazakhstan
79%
19 Tajikistan
78%
24 Vietnam
78%
23 Venezuela
76%
13 Laos
72%
3 Azerbaijan
68%
14 Myanmar
64%
17 Sudan
63%
1 Algeria
62%
6 Cambodia
61%
2 Angola
59%
25 Zimbabwe
59%
9 Egypt
57%
10 Eritrea
51%
16 South Sudan
43%
21 Uganda
42%
5 Burundi
37%
No matching quizzes found
Score Distribution
Percent of People with Each Score
Percentile by Number Answered
Your Score History
You have not taken this quiz